|
|
|
|
| LEADER |
00000nam a2200000 a 4500 |
| 001 |
vtls010640342 |
| 003 |
SK-MaSNL |
| 005 |
20260301041045.0 |
| 008 |
240313s2014 xo a a 000 0 slo |
| 015 |
|
|
|a SNBA2014/12
|
| 020 |
|
|
|a 9788081078132
|q (brož.)
|
| 040 |
|
|
|a SNK
|b slo
|c SNK
|e AACR2
|
| 041 |
1 |
|
|a slo
|h eng
|
| 044 |
|
|
|a xo
|c SK
|
| 072 |
|
7 |
|a 0/9-053.2
|x Literatúra pre deti a mládež (náučná)
|2 konspekt
|
| 072 |
|
7 |
|a 62
|x Technika všeobecne
|2 konspekt
|
| 080 |
|
|
|a 62-1
|2 2001
|
| 080 |
|
|
|a (076.1)
|2 2001
|
| 080 |
|
|
|a (084.1.029.2)
|2 2001
|
| 080 |
|
|
|a (0.053.2)
|2 2001
|
| 100 |
1 |
|
|a Simpson, Annie
|4 aut
|9 342210
|
| 240 |
1 |
0 |
|a 1000 Stickers Things that Go
|l Slovensky
|
| 245 |
1 |
0 |
|a 1000 samolepiek
|b úžasné stroje
|c Annie Simpson ; [z anglického vydania ... preložila Jitka Madarásová]
|
| 246 |
3 |
|
|a Tisíc samolepiek
|
| 246 |
3 |
0 |
|a Úžasné stroje
|
| 250 |
|
|
|a 1. vyd.
|
| 260 |
|
|
|a Bratislava
|b Svojtka & Co.
|c 2014
|
| 300 |
|
|
|a 40 s., [8] l. samolepiek
|b fareb. ilustr.
|c 28 cm
|
| 500 |
|
|
|a Listy so samolepkami všité na konci publ.
|
| 521 |
1 |
|
|a Pre deti od 3 rokov
|
| 650 |
0 |
7 |
|a stroje
|2 SNKPH
|9 3551
|
| 650 |
0 |
7 |
|a Machines
|2 SNKPHeng
|9 268704
|
| 655 |
|
7 |
|a publikácie pre deti
|2 SNKPH
|9 70148
|
| 655 |
|
7 |
|a pracovné zošity
|2 SNKPH
|9 70188
|
| 655 |
|
7 |
|a samolepky
|2 SNKPH
|9 79151
|
| 655 |
|
7 |
|a Children's literature
|2 SNKPHeng
|9 276039
|
| 655 |
|
7 |
|a Activity books
|2 SNKPHeng
|9 302885
|
| 655 |
|
7 |
|a Stickers
|2 SNKPHeng
|9 303014
|
| 700 |
1 |
|
|a Madarásová, Jitka
|4 trl
|9 207448
|
| 919 |
|
|
|a 978-80-8107-813-2
|
| 958 |
|
|
|a DB
|
| 958 |
|
|
|a OP
|
| 999 |
|
|
|c 587486
|d 589416
|
| 952 |
|
|
|a SNK
|b SNK
|y PREZ
|7 0
|p 17A1132601
|o snkOSB 17782
|i snk2014/26674
|8 0
|0 0
|1 0
|4 0
|d 2014-12-02
|l 0
|r 2026-02-23 15:13:53
|w 2026-02-23
|
| 952 |
|
|
|a SNK
|b SNK
|y PREZ
|7 0
|p 17A1132602
|o snkOSB 17782 D1
|i snk2014/26676
|8 0
|0 0
|1 0
|4 0
|d 2014-12-02
|l 0
|r 2026-02-23 15:13:53
|w 2026-02-23
|